00386nam a2200157 4500007000400000008000400004040000900008050001600017100001600033245004100049260003900090300002500129440002700154500001900181650002800200000000 aUOEL aQC 871b.M9 aMunn, R. E. aBiometerological methodscR. E. Munn aNew York :bAcademic press ;c1970 axi, 336 p. :bill. ; aEnvironmental sciences aIncludes Index aPhysicsxBiometeorology